Nghiên cứu các yếu tố ảnh hưởng đến lợi nhuận của ngân hàng thương mại Việt Nam /
Na minha lista:
| Autor principal: | |
|---|---|
| Formato: | Atigo |
| Idioma: | Vietnamese |
| Assuntos: | |
| Tags: |
Adicionar Tag
Sem tags, seja o primeiro a adicionar uma tag!
|
| Thư viện lưu trữ: | Thư viện Trường Đại học Đà Lạt |
|---|
| LEADER | 00713nam a2200253 4500 | ||
|---|---|---|---|
| 001 | DLU190192864 | ||
| 005 | ##20191014 | ||
| 040 | # | # | |a DLU |b vie |
| 041 | # | # | |a vie |
| 044 | # | # | |a vn |
| 100 | # | # | |a Tôn Thất Viên. |
| 245 | # | # | |a Nghiên cứu các yếu tố ảnh hưởng đến lợi nhuận của ngân hàng thương mại Việt Nam / |c Tôn Thất Viên. |
| 653 | # | # | |a Lợi nhuận |
| 653 | # | # | |a Ngân hàng thương mại |
| 653 | # | # | |a Quản trị rủi ro |
| 773 | # | # | |t Kinh tế và phát triển |g Số 252, 2018, tr. 39-46 |
| 994 | # | # | |a DLU |
| 900 | # | # | |a True |
| 911 | # | # | |a Hoàng Thị Huyền |
| 925 | # | # | |a G |
| 926 | # | # | |a A |
| 927 | # | # | |a BB |
| 980 | # | # | |a Thư viện Trường Đại học Đà Lạt |